[Event "34ème Open International d'Avoine"]
[Site "AVOINE"]
[Date "2019.07.20"]
[Round "7.15"]
[White "Afraoui, Anaelle"]
[Black "Devallee, Jeremie"]
[Result "1-0"]
[WhiteElo "2110"]
[BlackElo "2299"]
[PlyCount "91"]
[EventDate "2019.??.??"]
[WhiteTeam "Clichy-Echecs-92"]
[BlackTeam "C'Chartres Echecs"]

1. e4 b6 2. d4 Bb7 3. Nc3 e6 4. a3 Ne7 5. Be3 d5 6. f3 Nd7 7. Qd2 a6 8. Nge2 b5
9. Nc1 dxe4 10. fxe4 e5 11. d5 c6 12. Nb3 cxd5 13. exd5 Nf5 14. Bf2 Nd6 15.
O-O-O Be7 16. Kb1 O-O 17. g4 Rc8 18. h4 Nb6 19. Na5 Nbc4 20. Nxc4 Nxc4 21. Bxc4
Rxc4 22. g5 Qd6 23. Rhe1 Rfc8 24. Bg3 f6 25. gxf6 gxf6 26. Ne4 Qd8 27. c3 f5
28. Bxe5 Rxe4 29. Rxe4 fxe4 30. Qf2 Rc6 31. d6 Rxd6 32. Bxd6 Bf6 33. Qa7 Qc8
34. Qb6 Qc6 35. Qf2 Kg7 36. Qf5 e3 37. Rg1+ Kf7 38. Qxh7+ Ke6 39. Bf4 Qf3 40.
Qg8+ Kf5 41. Qg6+ Ke6 42. Qe8+ Kf5 43. Bg5 Be4+ 44. Ka1 e2 45. Qd7+ Kg6 46.
Bf4+ 1-0

[Event "34ème Open International d'Avoine"]
[Site "AVOINE"]
[Date "2019.07.20"]
[Round "7.16"]
[White "Wlodarczyk, Cyril"]
[Black "Baillon, Olivier"]
[Result "0-1"]
[WhiteElo "2098"]
[BlackElo "2279"]
[PlyCount "58"]
[EventDate "2019.??.??"]
[WhiteTeam "Cergy Pontoise Echecs"]
[BlackTeam "Club 608 d'Echecs Paris"]

1. e4 g6 2. Nf3 Bg7 3. d4 c6 4. a4 d5 5. Nc3 Bg4 6. Be3 Nf6 7. e5 Ne4 8. Nxe4
dxe4 9. h3 Bxf3 10. gxf3 exf3 11. Qxf3 Qb6 12. Bd3 Qxb2 13. O-O Qb6 14. d5 Qd8
15. dxc6 Nxc6 16. e6 O-O 17. exf7+ Kh8 18. Rad1 Qc7 19. Qg3 e5 20. Bxg6 Ne7 21.
Bxh7 Kxh7 22. Qh4+ Kg6 23. Kh2 Kxf7 24. f4 Kg8 25. Qg4 Nf5 26. Bc1 Qxc2+ 27.
Rd2 Qxa4 28. Rg2 Rf7 29. Rb2 Ne3 0-1

[Event "34ème Open International d'Avoine"]
[Site "AVOINE"]
[Date "2019.07.20"]
[Round "7.17"]
[White "Lemonnier, Remi"]
[Black "Bonn, Thomas"]
[Result "1-0"]
[WhiteElo "2093"]
[BlackElo "2272"]
[PlyCount "57"]
[EventDate "2019.??.??"]
[WhiteTeam "Club 608 d'Echecs Paris"]
[BlackTeam "Poitiers-Migne Echecs"]

1. e4 e5 2. Nf3 Nc6 3. Bc4 Bc5 4. c3 Nf6 5. d3 d6 6. Bb3 a5 7. a4 Ne7 8. h3 Ng6
9. O-O O-O 10. d4 exd4 11. cxd4 Bb4 12. e5 dxe5 13. dxe5 Qxd1 14. Rxd1 Ne4 15.
Be3 Re8 16. Rd4 Bf5 17. g4 Nc5 18. Rxb4 Bxb1 19. Rxb1 axb4 20. Bxc5 Nxe5 21.
Nxe5 Rxe5 22. Bxb4 c5 23. Bc3 Re4 24. Re1 Rae8 25. Rxe4 Rxe4 26. a5 c4 27. Bc2
Re6 28. Kg2 g6 29. Kf3 1-0

[Event "34ème Open International d'Avoine"]
[Site "AVOINE"]
[Date "2019.07.20"]
[Round "7.18"]
[White "Iglesias, Joachim"]
[Black "Duchateau, Thomas"]
[Result "1-0"]
[WhiteElo "2258"]
[BlackElo "2096"]
[PlyCount "49"]
[EventDate "2019.??.??"]
[WhiteTeam "Vandoeuvre-Echecs"]
[BlackTeam "Club d'Echecs de Mundolsheim"]

1. Nf3 d5 2. c4 d4 3. e4 Bg4 4. d3 Bxf3 5. Qxf3 e5 6. Qg3 Nd7 7. Be2 Ne7 8. f4
c6 9. O-O f6 10. Bg4 exf4 11. Bxf4 Ng6 12. Bh5 Kf7 13. e5 Qa5 14. e6+ Kxe6 15.
Bg4+ Ke7 16. Bc7 Qc5 17. b4 Qxb4 18. a3 Qc5 19. Nd2 h5 20. Ne4 hxg4 21. Nxc5
Nxc5 22. Rae1+ Kf7 23. Qxg4 Rh4 24. Qf5 Ne7 25. Rxe7+ 1-0

[Event "34ème Open International d'Avoine"]
[Site "AVOINE"]
[Date "2019.07.20"]
[Round "7.19"]
[White "Kavciyan, Yega"]
[Black "Dieu, Bruno"]
[Result "1/2-1/2"]
[WhiteElo "2033"]
[BlackElo "2256"]
[PlyCount "45"]
[EventDate "2019.??.??"]
[WhiteTeam "l'Echiquier de La Ville Montreuil"]
[BlackTeam "Echiquier Tourangeau"]

1. e4 e6 2. d3 d5 3. Qe2 Nc6 4. Nf3 dxe4 5. dxe4 e5 6. g3 Bg4 7. c3 Qf6 8. Bg2
h5 9. h3 Bxf3 10. Qxf3 h4 11. Be3 Qxf3 12. Bxf3 hxg3 13. fxg3 Nf6 14. Nd2 a5
15. a4 Be7 16. Nc4 Nd7 17. O-O-O Rd8 18. Rd5 Nf6 19. Rxd8+ Bxd8 20. h4 Be7 21.
Kc2 g6 22. Rd1 b6 23. b3 1/2-1/2

[Event "34ème Open International d'Avoine"]
[Site "AVOINE"]
[Date "2019.07.26"]
[Round "7.20"]
[White "Malassagne, Raphael"]
[Black "David, Alexandre"]
[Result "1-0"]
[WhiteElo "2252"]
[BlackElo "2091"]
[Annotator "Smith,John"]
[PlyCount "78"]
[EventDate "2019.??.??"]

1. Nf3 d5 2. c4 c6 3. g3 g6 4. Bg2 Bg7 5. O-O Nf6 6. Qc2 O-O 7. b3 b6 8. Bb2
Bb7 9. d4 Na6 10. Ne5 Qc7 11. Nd2 c5 12. dxc5 Qxc5 13. Rac1 Rac8 14. Qb1 Qd6
15. Rfd1 Qe6 16. Ndf3 Bh6 17. e3 Nc5 {(=)} 18. Rd4 Nce4 19. cxd5 Bxd5 20. Rxc8
Rxc8 21. Qd3 Bb7 22. Nd7 Nxd7 23. Rxd7 Nd6 24. Qd4 f6 25. Rxb7 Nxb7 26. Ng5 Qd6
27. Bd5+ Kf8 28. Ne6+ Ke8 29. Bxb7 Qxe6 30. Bxc8 Qxc8 31. Qh4 Bg7 32. Qxh7 Kf7
33. Qh4 Qf5 34. Qc4+ Kf8 35. Qc1 Qf3 36. Ba3 f5 37. Qc8+ Kf7 38. Qc4+ Kf8 39.
Qe6 Bf6 1-0

[Event "34ème Open International d'Avoine"]
[Site "AVOINE"]
[Date "2019.07.20"]
[Round "7.21"]
[White "Roux, Baptiste"]
[Black "Defromont, Benjamin"]
[Result "1-0"]
[WhiteElo "2056"]
[BlackElo "2245"]
[PlyCount "83"]
[EventDate "2019.??.??"]
[WhiteTeam "Corsica Chess Club"]
[BlackTeam "Cannes Echecs"]

1. e4 e6 2. d4 d5 3. Bd3 dxe4 4. Bxe4 Nf6 5. Bf3 c5 6. Ne2 Nc6 7. Be3 cxd4 8.
Nxd4 Ne5 9. O-O a6 10. Nc3 Qc7 11. Qe2 Bd6 12. h3 O-O 13. Rad1 Bd7 14. Rfe1 h6
15. Kh1 Nxf3 16. Qxf3 Be5 17. Bc1 Rad8 18. Qe2 Bd6 19. Qf3 Kh7 20. Qd3+ Kh8 21.
Qf3 Be7 22. Bf4 Qb6 23. Be5 Rc8 24. Qg3 Rg8 25. Qh4 Kh7 26. Ne4 Nxe4 27. Qxe4+
Kh8 28. Re3 Rc4 29. Rb3 Rb4 30. Rxb4 Bxb4 31. Qf4 f6 32. Bxf6 Kh7 33. Qe4+ g6
34. Nf3 Bc8 35. Qh4 g5 36. Qe4+ Rg6 37. Rd8 Qxd8 38. Bxd8 Bd6 39. h4 h5 40.
Nxg5+ Kh6 41. Nf7+ Kg7 42. Nxd6 1-0

[Event "34ème Open International d'Avoine"]
[Site "AVOINE"]
[Date "2019.07.20"]
[Round "7.22"]
[White "Dupont, Victor"]
[Black "Msellek, Ilyass"]
[Result "0-1"]
[WhiteElo "1984"]
[BlackElo "2237"]
[PlyCount "50"]
[EventDate "2019.??.??"]
[WhiteTeam "La Tour Basilienne"]
[BlackTeam "Tremblay en France"]

1. d4 d6 2. g3 g6 3. Bg2 Bg7 4. e4 Nf6 5. Ne2 O-O 6. O-O e5 7. c4 Nc6 8. d5 Ne7
9. Nbc3 Nd7 10. Rb1 a5 11. a3 f5 12. exf5 gxf5 13. f4 e4 14. b4 axb4 15. axb4
Nb6 16. Qb3 c6 17. Rd1 cxd5 18. c5 dxc5 19. bxc5 Nc4 20. Nxd5 Nxd5 21. Qxc4 Be6
22. Nd4 Nxf4 23. Nxe6 Qxd1+ 24. Bf1 Nxe6 25. Qxe6+ Kh8 0-1

[Event "34ème Open International d'Avoine"]
[Site "AVOINE"]
[Date "2019.07.20"]
[Round "7.23"]
[White "Lambert, Thomas"]
[Black "Ollier, Milan"]
[Result "0-1"]
[WhiteElo "1965"]
[BlackElo "2227"]
[PlyCount "60"]
[EventDate "2019.??.??"]
[WhiteTeam "Rennes Paul Bert"]
[BlackTeam "Echiquier Médocain"]

1. e4 c5 2. Nf3 Nc6 3. d4 cxd4 4. Nxd4 Nf6 5. Nc3 e5 6. Ndb5 d6 7. Bg5 a6 8.
Na3 b5 9. Nd5 Be7 10. Bxf6 Bxf6 11. c4 Nd4 12. cxb5 Be6 13. Bc4 axb5 14. Bxb5+
Kf8 15. Bc4 Qa5+ 16. Qd2 Bd8 17. Nc3 Qc5 18. Bxe6 fxe6 19. O-O Rxa3 20. bxa3
Qxc3 21. Qxc3 Ne2+ 22. Kh1 Nxc3 23. Rac1 Nxe4 24. Rc8 Ke7 25. f3 Nc5 26. Rb1
Rf8 27. Rbb8 Kd7 28. Ra8 e4 29. a4 e3 30. Kg1 e2 0-1

[Event "34ème Open International d'Avoine"]
[Site "AVOINE"]
[Date "2019.07.20"]
[Round "7.24"]
[White "Monnot, Leo"]
[Black "Lacroix, Romain"]
[Result "0-1"]
[WhiteElo "1958"]
[BlackElo "2226"]
[PlyCount "68"]
[EventDate "2019.??.??"]
[WhiteTeam "Mulhouse Philidor"]
[BlackTeam "C.E.I. Toulouse"]

1. e4 d6 2. d4 Nf6 3. Nc3 e5 4. Nf3 Nbd7 5. Bc4 Be7 6. O-O Nb6 7. Be2 exd4 8.
Nxd4 O-O 9. Bf3 c6 10. b3 d5 11. Bb2 c5 12. e5 Nfd7 13. Nf5 d4 14. Ne4 Nxe5 15.
Nxe7+ Qxe7 16. Ba3 Nbd7 17. Qxd4 Nxf3+ 18. gxf3 b6 19. Qc3 Bb7 20. Bb2 f6 21.
Rfe1 Qf7 22. Ng3 Ne5 23. Re3 Qd5 24. Re4 Qf7 25. Re3 Rad8 26. Rae1 Rd4 27. h3
Rf4 28. Ne4 Qg6+ 29. Kh2 Bxe4 30. Rg1 Qh5 31. fxe4 Nf3+ 32. Rxf3 Rxf3 33. Qc4+
Kh8 34. Qf1 Qh4 0-1

[Event "34ème Open International d'Avoine"]
[Site "AVOINE"]
[Date "2019.07.20"]
[Round "7.25"]
[White "Bournel, Antoine"]
[Black "Flachet, Thierry"]
[Result "1-0"]
[WhiteElo "2217"]
[BlackElo "2043"]
[PlyCount "71"]
[EventDate "2019.??.??"]
[WhiteTeam "L'Echiquier Châlonnais"]
[BlackTeam "Cercle d'échecs des Sables d'Olonne"]

1. e4 e6 2. d4 d5 3. Nd2 Nf6 4. e5 Nfd7 5. Bd3 c5 6. c3 Nc6 7. Ne2 cxd4 8. cxd4
f6 9. exf6 Nxf6 10. O-O Bd6 11. Nf3 O-O 12. Bf4 Bxf4 13. Nxf4 Ne4 14. Ne2 Ng5
15. Ne5 Nxe5 16. dxe5 Nf7 17. Nd4 g6 18. Qe2 Qb6 19. Nf3 Bd7 20. h4 Kg7 21. h5
Qb4 22. Qe3 Qg4 23. hxg6 hxg6 24. Nd4 Rh8 25. f4 Qh4 26. Rae1 Nh6 27. Qh3 Qe7
28. Rc1 Rac8 29. Qg3 Qf7 30. Qg5 Rhe8 31. Kf2 Rxc1 32. Rxc1 Rc8 33. Rh1 Rh8 34.
Rh3 Nf5 35. Bxf5 exf5 36. Qf6+ 1-0

[Event "34ème Open International d'Avoine"]
[Site "AVOINE"]
[Date "2019.07.20"]
[Round "7.26"]
[White "Besson, Bastien"]
[Black "Nottola, Adrien"]
[Result "0-1"]
[WhiteElo "2204"]
[BlackElo "1964"]
[PlyCount "70"]
[EventDate "2019.??.??"]
[WhiteTeam "Cercle d'Echecs de Nantes"]
[BlackTeam "l'Echiquier de La Ville Montreuil"]

1. e4 c5 2. Nc3 Nc6 3. Nf3 Nf6 4. Bc4 e6 5. d3 d5 6. Bb5 Be7 7. O-O O-O 8. exd5
exd5 9. Bxc6 bxc6 10. Na4 Bg4 11. b3 Nd7 12. h3 Bh5 13. Ba3 Re8 14. g4 Bg6 15.
Qd2 Bd6 16. Kg2 f5 17. Rae1 fxg4 18. hxg4 Qf6 19. Qg5 Qf7 20. Qh4 h6 21. Qh3
Rxe1 22. Rxe1 Rf8 23. Rf1 h5 24. Ng5 Qf6 25. Bc1 hxg4 26. Qh4 g3 27. f4 Re8 28.
Rh1 Re2+ 29. Kxg3 Kf8 30. Nh7+ Bxh7 31. Qxf6+ Nxf6 32. Ba3 Rxc2 33. d4 Ne4+ 34.
Kf3 Rf2+ 35. Kg4 Rxf4+ 0-1

[Event "34ème Open International d'Avoine"]
[Site "AVOINE"]
[Date "2019.07.20"]
[Round "7.27"]
[White "Budak, Rezan"]
[Black "Grezels, Florian"]
[Result "0-1"]
[WhiteElo "1844"]
[BlackElo "2201"]
[PlyCount "112"]
[EventDate "2019.??.??"]
[WhiteTeam "LEC Echiquier Limousin"]
[BlackTeam "C.E.I. Toulouse"]

1. e4 c5 2. Nc3 e6 3. Nge2 Nc6 4. Nf4 Nf6 5. Bb5 Qc7 6. Nh5 Nxh5 7. Qxh5 Nd4 8.
Qd1 Be7 9. O-O O-O 10. Bc4 a6 11. a4 b6 12. d3 Bb7 13. Be3 Rfd8 14. Ba2 Rac8
15. f3 d5 16. exd5 exd5 17. Kh1 Qe5 18. Bg1 Bd6 19. Re1 Qh5 20. Qd2 Qh4 21.
Rac1 Nf5 22. g4 Ne7 23. Qg2 Ng6 24. Bf2 Qf6 25. g5 Qf5 26. Qg4 Qxg4 27. fxg4
Bf4 28. Rcd1 Bxg5 29. Bg3 Bc6 30. Rf1 Bf6 31. Kg1 Bd4+ 32. Bf2 Bxc3 33. bxc3
Bxa4 34. Bg3 Bc6 35. Rd2 b5 36. Rdf2 Rd7 37. c4 bxc4 38. dxc4 d4 39. Rf5 Be4
40. R5f2 Nf8 41. Bb3 Ne6 42. h4 Bc6 43. Ra1 d3 44. Be5 Nd4 45. Kf1 f6 46. Bxd4
Rxd4 47. cxd3 Rxg4 48. Rxa6 Rxh4 49. Rf5 Rg4 50. Rb6 Kf7 51. Ke1 Rg5 52. Rf4
Re5+ 53. Kd2 g5 54. Rf1 h5 55. Bc2 h4 56. Rb3 Bg2 0-1

[Event "34ème Open International d'Avoine"]
[Site "AVOINE"]
[Date "2019.07.20"]
[Round "7.28"]
[White "Arnaud, Aurelien"]
[Black "Lafourcade, Victor"]
[Result "1-0"]
[WhiteElo "2196"]
[BlackElo "1909"]
[PlyCount "59"]
[EventDate "2019.??.??"]
[WhiteTeam "L'Echiquier Châlonnais"]
[BlackTeam "Maison des Echecs Toulouse Lardenne"]

1. d4 Nf6 2. c4 e6 3. g3 Bb4+ 4. Bd2 Qe7 5. Bg2 O-O 6. e3 Bxd2+ 7. Qxd2 d6 8.
Ne2 e5 9. O-O Nc6 10. Nbc3 Bf5 11. Nd5 Qd8 12. b4 Nxd5 13. cxd5 Ne7 14. e4 Bg6
15. Rac1 f5 16. exf5 Bxf5 17. Qc3 Bg4 18. Rfe1 Qe8 19. dxe5 Qf7 20. Qd4 Bxe2
21. Rxe2 dxe5 22. Qxe5 Ng6 23. Qxc7 Qf5 24. Qc2 Rac8 25. Qd2 Rxc1+ 26. Qxc1 Rc8
27. Qe1 Kf7 28. Re3 Qc2 29. Bh3 Rc7 30. Rf3+ 1-0

[Event "34ème Open International d'Avoine"]
[Site "AVOINE"]
[Date "2019.07.20"]
[Round "7.29"]
[White "Schmit, Vincent"]
[Black "Perrin, Antoine"]
[Result "1-0"]
[WhiteElo "2192"]
[BlackElo "1807"]
[PlyCount "39"]
[EventDate "2019.??.??"]
[WhiteTeam "Cavalier Bleu Drancy"]
[BlackTeam "Jade Echecs - Pornic"]

1. e4 c5 2. Nf3 d6 3. d4 cxd4 4. Nxd4 Nf6 5. Nc3 a6 6. Bg5 e6 7. f4 Be7 8. Qf3
Qc7 9. O-O-O Nbd7 10. Bd3 b5 11. Rhe1 Bb7 12. Nd5 Nxd5 13. exd5 Bxg5 14. Rxe6+
fxe6 15. Nxe6 Qc8 16. Qh5+ g6 17. Qxg5 Kf7 18. f5 Ne5 19. fxg6+ hxg6 20. Bxg6+
1-0

[Event "34ème Open International d'Avoine"]
[Site "AVOINE"]
[Date "2019.07.20"]
[Round "7.30"]
[White "Kunzer, Bernard"]
[Black "Bressy, Theo"]
[Result "0-1"]
[WhiteElo "1937"]
[BlackElo "2182"]
[PlyCount "126"]
[EventDate "2019.??.??"]
[WhiteTeam "Club d'Echecs d'Avoine"]
[BlackTeam "Echiquier Piscénois - Pézénas"]

1. b3 g6 2. Bb2 Nf6 3. g3 Bg7 4. Bg2 O-O 5. Nf3 d5 6. d3 c5 7. O-O Nc6 8. Nbd2
Qc7 9. e4 dxe4 10. Nxe4 Nxe4 11. Bxg7 Nxf2 12. Rxf2 Kxg7 13. Qd2 e5 14. Raf1 f6
15. Nh4 b6 16. c3 Bb7 17. Be4 Ne7 18. Qe2 Bxe4 19. dxe4 Rad8 20. Qc4 Qc6 21.
Nf3 b5 22. Qe2 c4 23. Qe3 Nc8 24. Rd2 Rxd2 25. Nxd2 Rd8 26. bxc4 bxc4 27. Nb1
Rd3 28. Qe2 Qc5+ 29. Qf2 Qxf2+ 30. Kxf2 f5 31. exf5 gxf5 32. Ke2 Kg6 33. Rf3
Rd5 34. Nd2 Nd6 35. Rf1 e4 36. h3 Rd3 37. g4 Rxc3 38. gxf5+ Nxf5 39. Rf4 Rxh3
40. Nxc4 Rh2+ 41. Ke1 Rh4 42. Rf1 e3 43. Ne5+ Kf6 44. Nf3 Ra4 45. Rh1 Rxa2 46.
Rxh7 Ng3 47. Rd7 Rf2 48. Nd2 Rxd2 49. Rxd2 exd2+ 50. Kxd2 Ke5 51. Kc3 Kd5 52.
Kb4 Kc6 53. Ka5 Kb7 54. Kb5 a6+ 55. Ka5 Nf5 56. Kb4 Kb6 57. Ka4 a5 58. Kb3 Kb5
59. Ka3 a4 60. Kb2 Kb4 61. Ka2 a3 62. Kb1 Kb3 63. Ka1 Nd4 0-1

[Event "34ème Open International d'Avoine"]
[Site "AVOINE"]
[Date "2019.07.20"]
[Round "7.31"]
[White "Eveno, Nathan"]
[Black "Midy, Robin"]
[Result "1/2-1/2"]
[WhiteElo "1885"]
[BlackElo "2160"]
[PlyCount "87"]
[EventDate "2019.??.??"]
[WhiteTeam "Echiquier du Gâtinais"]
[BlackTeam "Echiquier Club Le Mans"]

1. e4 g6 2. d4 Bg7 3. Nf3 d6 4. Bc4 e6 5. O-O Ne7 6. Nc3 a6 7. a4 b6 8. Bf4 h6
9. Qd2 Nd7 10. Rad1 Bb7 11. Rfe1 Kf8 12. h4 Nf6 13. e5 Nfd5 14. exd6 cxd6 15.
Nxd5 Nxd5 16. Bxd5 Bxd5 17. Qb4 Bxf3 18. Qxd6+ Kg8 19. Qxd8+ Rxd8 20. gxf3 Rxd4
21. Rxd4 Bxd4 22. c3 Bf6 23. Rd1 Kg7 24. Rd7 Rd8 25. Rb7 Rd1+ 26. Kg2 Ra1 27.
b3 b5 28. axb5 axb5 29. Rxb5 Bxc3 30. Be5+ Bxe5 31. Rxe5 Rb1 32. Rb5 Kf6 33.
Rb7 e5 34. b4 Ke6 35. b5 Rb4 36. Kg3 Rd4 37. Rb8 Kd7 38. b6 Kc6 39. b7 Rf4 40.
Rh8 Kxb7 41. Rxh6 Kc7 42. Rh8 Kd7 43. Ra8 Ke7 44. Ra4 1/2-1/2

[Event "34ème Open International d'Avoine"]
[Site "AVOINE"]
[Date "2019.07.20"]
[Round "7.32"]
[White "Gao, Etienne"]
[Black "Algaba, Solene"]
[Result "1-0"]
[WhiteElo "2306"]
[BlackElo "1931"]
[PlyCount "69"]
[EventDate "2019.??.??"]
[WhiteTeam "Echiquier Club Le Mans"]
[BlackTeam "Echiquier de l'Erdre"]

1. e4 c5 2. Nf3 d6 3. d4 cxd4 4. Nxd4 Nf6 5. Nc3 Nc6 6. Bg5 a6 7. Qd2 e6 8.
O-O-O Bd7 9. f4 Qc7 10. Bxf6 gxf6 11. f5 h5 12. Kb1 O-O-O 13. Nxc6 Bxc6 14. Qd4
Be7 15. Bc4 Bd7 16. Qd3 Kb8 17. Bb3 Rdg8 18. Qf3 Rg5 19. Rhe1 Rhg8 20. h4 Rg4
21. Ne2 Rxh4 22. Rh1 Rhg4 23. Rxh5 Rxg2 24. Rh7 R8g7 25. Nf4 R7g3 26. Qxg2 Rxg2
27. Nxg2 Bc6 28. Rxf7 Bxe4 29. Nf4 Bxf5 30. Nxe6 Bxe6 31. Bxe6 Qd8 32. Bd5 b5
33. Re1 Qg8 34. a3 Qg5 35. Rexe7 1-0

[Event "34ème Open International d'Avoine"]
[Site "AVOINE"]
[Date "2019.07.20"]
[Round "7.33"]
[White "Riou-Durand, Lionel"]
[Black "Viel, Simon"]
[Result "0-1"]
[WhiteElo "1936"]
[BlackElo "2301"]
[PlyCount "69"]
[EventDate "2019.??.??"]
[WhiteTeam "Echiquier Guichenais"]
[BlackTeam "Echecs Plus de Cherbourg-Octeville"]

1. e4 e6 2. d4 d5 3. Nd2 c5 4. exd5 Qxd5 5. Ngf3 cxd4 6. Bc4 Qd6 7. O-O Nf6 8.
Re1 Nc6 9. Ne4 Nxe4 10. Rxe4 Be7 11. Nxd4 e5 12. Bf4 exf4 13. Nxc6 Qxd1+ 14.
Rxd1 bxc6 15. Rde1 Kf8 16. Rxe7 Be6 17. R1xe6 fxe6 18. Rc7 h5 19. h4 Rh6 20.
Rxc6 Rd8 21. Bd3 e5 22. Rc5 Re6 23. f3 Rdd6 24. b3 g6 25. Kf2 Re7 26. a3 Kg7
27. Ke2 Kf6 28. Be4 Rg7 29. Bd3 g5 30. hxg5+ Rxg5 31. Kf2 e4 32. Rxg5 exd3 33.
Rxh5 dxc2 34. Rh6+ Ke7 35. Rxd6 0-1

[Event "34ème Open International d'Avoine"]
[Site "AVOINE"]
[Date "2019.07.20"]
[Round "7.35"]
[White "Hingouet, Matthieu"]
[Black "Larand, Manuel"]
[Result "1-0"]
[WhiteElo "2245"]
[BlackElo "1921"]
[PlyCount "95"]
[EventDate "2019.??.??"]
[WhiteTeam "Cavalier de la Tourelle Saint-Mande"]
[BlackTeam "LEC Echiquier Limousin"]

1. d4 g6 2. c4 Bg7 3. Nc3 d6 4. e4 Nf6 5. Nf3 O-O 6. h3 a6 7. Be3 Nc6 8. d5 Nb8
9. Be2 Nbd7 10. O-O c5 11. a3 Rb8 12. Qc2 Ne8 13. Nh2 Qc7 14. Ng4 Ne5 15. Nh6+
Kh8 16. Ng4 f5 17. Nxe5 dxe5 18. f3 Nd6 19. Na4 b6 20. Rfc1 Bd7 21. Bd3 Rfc8
22. b4 cxb4 23. axb4 Nxc4 24. Qxc4 Qxc4 25. Bxc4 Bxa4 26. Rxa4 b5 27. Rxa6 bxc4
28. Bc5 Bh6 29. Rxc4 Be3+ 30. Kh2 Rxb4 31. Rxb4 Bxc5 32. Rc6 Bxb4 33. Rxc8+ Kg7
34. Kg1 fxe4 35. fxe4 Kf6 36. Kf2 h5 37. Rf8+ Kg5 38. Rf7 Bd6 39. Ke2 Kh4 40.
Rf3 Kg5 41. g3 h4 42. g4 Kh6 43. Rf7 Kg5 44. Kd3 Ba3 45. Kc4 Bd6 46. Kb5 Ba3
47. Kc6 Bd6 48. Kd7 1-0

[Event "34ème Open International d'Avoine"]
[Site "AVOINE"]
[Date "2019.07.20"]
[Round "7.36"]
[White "Chosson, Julien"]
[Black "Dalaud, Dorian"]
[Result "0-1"]
[WhiteElo "1916"]
[BlackElo "2220"]
[PlyCount "68"]
[EventDate "2019.??.??"]
[WhiteTeam "Thomas Bourgneuf - Creteil"]
[BlackTeam "Cercle d'Echecs de Nantes"]

1. d4 Nf6 2. c4 g6 3. Nc3 Bg7 4. e4 d6 5. f3 O-O 6. Be3 Nc6 7. Nge2 Rb8 8. Qd2
a6 9. Nc1 e5 10. d5 Nd4 11. Nb3 c5 12. dxc6 bxc6 13. Nxd4 exd4 14. Bxd4 Re8 15.
Be2 d5 16. cxd5 cxd5 17. e5 Nh5 18. f4 Bh6 19. g3 Ng7 20. Bf3 Nf5 21. Nxd5 Bb7
22. Bc3 Bxd5 23. Bxd5 Qb6 24. Qf2 Ne3 25. Be4 Bf8 26. Rb1 f5 27. Bc2 Qc6 28.
Rg1 Bc5 29. Bb3+ Rxb3 30. axb3 Qe4 31. Rc1 Nc2+ 32. Kf1 Bxf2 33. Kxf2 Qe3+ 34.
Kg2 Qe2+ 0-1

[Event "34ème Open International d'Avoine"]
[Site "AVOINE"]
[Date "2019.07.20"]
[Round "7.37"]
[White "Briand, Amaury"]
[Black "Merenciano, Alexandre"]
[Result "0-1"]
[WhiteElo "1896"]
[BlackElo "2198"]
[PlyCount "116"]
[EventDate "2019.??.??"]
[WhiteTeam "Carquefou Echecs"]
[BlackTeam "Echiquier Montelais"]

1. e4 c6 2. c4 d5 3. exd5 cxd5 4. cxd5 Nf6 5. Qa4+ Nbd7 6. Nc3 g6 7. Nf3 Bg7 8.
Bc4 O-O 9. d3 a6 10. Qa3 b6 11. O-O Bb7 12. Re1 b5 13. Bb3 Re8 14. d6 e6 15.
Ne4 Nd5 16. Bg5 Qb6 17. Rac1 Rac8 18. Bd2 b4 19. Qa4 Bc6 20. Rxc6 Rxc6 21. Bxd5
exd5 22. Nf6+ Nxf6 23. Rxe8+ Nxe8 24. d7 Nf6 25. d8=Q+ Qxd8 26. Qxc6 a5 27. h3
h6 28. Be3 Qe8 29. Qxe8+ Nxe8 30. b3 Nd6 31. Bb6 Nb7 32. Kf1 Kf8 33. Ke2 Ke7
34. Ke3 Kd6 35. Nd4 Bxd4+ 36. Kxd4 Kc6 37. Ba7 f6 38. Bb8 Nc5 39. f4 Ne6+ 40.
Ke3 f5 41. g4 Kb5 42. gxf5 gxf5 43. Be5 Kc5 44. Bf6 d4+ 45. Kf3 Kb5 46. Be5 a4
47. Ke2 axb3 48. axb3 Nc5 49. Bxd4 Nxb3 50. Bg7 h5 51. Kd1 Nc5 52. Kc2 Kc6 53.
d4 Ne6 54. Be5 Kd5 55. Kb3 Nxd4+ 56. Kxb4 Nc6+ 57. Kc3 Nxe5 58. fxe5 Kxe5 0-1

[Event "34ème Open International d'Avoine"]
[Site "AVOINE"]
[Date "2019.07.20"]
[Round "7.38"]
[White "Cavailles, Evan"]
[Black "Vallet, Marc"]
[Result "1/2-1/2"]
[WhiteElo "1896"]
[BlackElo "2181"]
[PlyCount "93"]
[EventDate "2019.??.??"]
[WhiteTeam "C.E. de  Bois-Colombes"]
[BlackTeam "Lille Université Club Echiquier du Nord"]

1. e4 c5 2. Nf3 Nc6 3. d4 cxd4 4. Nxd4 Nf6 5. Nc3 e5 6. Ndb5 d6 7. Bg5 a6 8.
Na3 b5 9. Nd5 Be7 10. Bxf6 Bxf6 11. c4 b4 12. Nc2 Rb8 13. b3 Bg5 14. g3 h5 15.
h4 Bh6 16. Bh3 Bxh3 17. Rxh3 g6 18. Kf1 O-O 19. g4 Qc8 20. Rg3 Bf4 21. Rg2 hxg4
22. Qxg4 Qxg4 23. Rxg4 Kg7 24. Nxf4 exf4 25. Rxf4 Ne5 26. Rd1 Rb6 27. Nd4 Re8
28. Nc2 Rc8 29. Ne1 Rc5 30. Rd2 a5 31. Nd3 Nxd3 32. Rxd3 a4 33. Rdf3 Rb7 34.
Rd3 Rb6 35. Rd4 Ra5 36. Kg2 Rc6 37. Rf3 Kf8 38. Rfd3 Ke7 39. Rd5 Rca6 40. Rxa5
Rxa5 41. Rd5 axb3 42. axb3 Ra3 43. Rd3 Ra2 44. Kf3 Rb2 45. Ke3 Ke6 46. f3 Rc2
47. Kf4 1/2-1/2

[Event "34ème Open International d'Avoine"]
[Site "AVOINE"]
[Date "2019.07.20"]
[Round "7.39"]
[White "Mancini, Mario"]
[Black "Condat, Hugo"]
[Result "1-0"]
[WhiteElo "2166"]
[BlackElo "1891"]
[PlyCount "77"]
[EventDate "2019.??.??"]
[WhiteTeam "Cercle d'Echecs de Villepinte"]
[BlackTeam "C.E. de  Bois-Colombes"]

1. d4 f5 2. c4 Nf6 3. Nc3 g6 4. g3 Bg7 5. Bg2 d6 6. d5 O-O 7. Nh3 c6 8. O-O e5
9. dxe6 Bxe6 10. Bf4 d5 11. Ng5 Re8 12. Nxe6 Rxe6 13. cxd5 Re7 14. Qb3 Kh8 15.
Rfd1 Rd7 16. dxc6 Nxc6 17. Bxc6 bxc6 18. Rxd7 Qxd7 19. Rd1 Qe7 20. Qc4 Re8 21.
Qxc6 h6 22. Be3 Kh7 23. Nd5 Nxd5 24. Rxd5 Rd8 25. Rxd8 Qxd8 26. Qc2 Qa5 27. b3
a6 28. Qd2 Qe5 29. a4 h5 30. h4 Qe6 31. Qd3 Be5 32. Qc4 Qd6 33. Kg2 Kg7 34. b4
f4 35. gxf4 Bf6 36. b5 axb5 37. axb5 Qd7 38. f3 Bxh4 39. Qd4+ 1-0

[Event "34ème Open International d'Avoine"]
[Site "AVOINE"]
[Date "2019.07.20"]
[Round "7.40"]
[White "De Lussac, Rainier"]
[Black "Kibleur, Christophe"]
[Result "1-0"]
[WhiteElo "2153"]
[BlackElo "1894"]
[PlyCount "61"]
[EventDate "2019.??.??"]
[WhiteTeam "Cercle d'Echecs de Nantes"]
[BlackTeam "Echiquier Tourangeau"]

1. d4 d5 2. c4 c6 3. Nf3 Nf6 4. Qc2 g6 5. Bf4 Bg7 6. e3 Bf5 7. Qb3 Qb6 8. Nc3
e6 9. c5 Qxb3 10. axb3 O-O 11. b4 Nbd7 12. b5 Rfe8 13. bxc6 bxc6 14. Ba6 e5 15.
Bxe5 Nxe5 16. Nxe5 Rab8 17. Nxc6 Rxb2 18. O-O Bh6 19. h3 g5 20. g4 Be6 21. Rab1
Rc2 22. Rfc1 Rxc1+ 23. Rxc1 Bf8 24. Nxa7 h5 25. c6 hxg4 26. hxg4 Nxg4 27. c7
Bd6 28. c8=Q Bxc8 29. Nxc8 Ba3 30. Rb1 Nf6 31. Nb6 1-0

[Event "34ème Open International d'Avoine"]
[Site "AVOINE"]
[Date "2019.07.20"]
[Round "7.41"]
[White "Rubino, William"]
[Black "Veysseyre, Robin"]
[Result "1/2-1/2"]
[WhiteElo "2130"]
[BlackElo "1878"]
[PlyCount "80"]
[EventDate "2019.??.??"]
[WhiteTeam "Echiquier du Gâtinais"]
[BlackTeam "l'Echiquier de La Ville Montreuil"]

1. e4 e5 2. Nf3 Nc6 3. Bb5 a6 4. Ba4 Nf6 5. d3 d6 6. c3 Be7 7. O-O O-O 8. h3 b5
9. Bc2 Bb7 10. Re1 h6 11. Nbd2 Re8 12. Nf1 Bf8 13. Ng3 d5 14. Qe2 Qd7 15. Be3
Rad8 16. a4 Qc8 17. axb5 axb5 18. Nf5 Nb8 19. Bd2 c5 20. Ng3 Nc6 21. Rad1 Qc7
22. Bc1 Qc8 23. Nf5 Qd7 24. g4 Qc8 25. Kh2 c4 26. Ng3 cxd3 27. Bxd3 dxe4 28.
Nxe4 Nxe4 29. Bxe4 b4 30. Qc4 Rxd1 31. Rxd1 Na5 32. Qxc8 Bxc8 33. cxb4 Bxb4 34.
Bd2 Bxd2 35. Rxd2 Nc4 36. Re2 Nd6 37. Bd5 e4 38. Bc6 Re6 39. Nd2 Ba6 40. Re3
Bd3 1/2-1/2